| 000 | 00680 a2200193 4500 | ||
|---|---|---|---|
| 003 | NUST | ||
| 005 | 20221124182403.0 | ||
| 010 | _a 73014683 | ||
| 020 | _a0070144303 | ||
| 040 | _cNust | ||
| 082 | 0 | 0 | _a530,CRO |
| 100 | 1 |
_aCromer, Alan H., _9103537 |
|
| 245 | 1 | 0 |
_aPhysics for the life sciences / _cAlan H. Cromer. |
| 260 |
_aNew York, _bMcGraw-Hill _c[1974] |
||
| 300 |
_axii, 497 p.: _billus. _c24 cm. |
||
| 505 | _aPart-1: Mechanics (Page-3), Part-2: Properties of Matter(Page-125), Part-3: Wave Phenomena (Page-239), Part-4: Electricity and Magnetism (Page-339), Part-5: Modern Physics (Page-415), Appendix (Page-470). | ||
| 650 | 0 | _aPhysics. | |
| 942 |
_2ddc _cBK _k530,CRO |
||
| 999 |
_c181506 _d181506 |
||